01022nas a2200289Ia 4500001002300000003001000023008004100033040002500074041001200099100001700111210002600128222002600154240004500180245004500225250001100270260000900281501012300290300001400413362001200427500003800439650002400477700001100501942000700512957000600519999003200525952017500557dg53-2772 [d000002911]IT-MiCISF161014c99999999xx |||||||||||| ||und|| aIT-MiCISFcIT-MiCISF aINGLESE aWon-Hong Kim aWomen's Studies Forum aWomen's Studies Forum aSupportive Measures of Political Parties 0aSupportive Measures of Political Parties a1a ed. c1996 bCISF - Centro Internazionale Studi Famiglia - Via Giotto, 36 20145 MILANO (non commercial uses only)cCopyright 2016 app. 49-66 a [1996] a Tema: società, politica, donna asocietàvarticolo aAA.VV. cCR 71 a2772bSig1c218323d218323 0010406DG_532772_D00000291171aCISFbCISFd2016-10-14l0odg53-2772 [d000002911]r2016-10-14 00:00:00w2016-10-14yCRzData import 15.10.2016 / by Epidotti, Vaglietti